000 00608nam a2200229Ia 4500
003 OSt
005 20220927105147.0
006 a|||||r|||| 00| 0
007 ta
008 220926b |||||||| |||| 00| 0 eng d
024 _a190619
037 _cReference Collections
040 _aRTL
_cRTL
_beng
041 _2eng
_aeng
082 _a"X:72, No"
100 _aThompson Grahame
_9370645
245 0 _aPolitical econmy of new rights
260 _aLondon
_bPinter
_c1990
300 _a216p.
_ccm.
942 _h"X:72, No"
_cCC
999 _c690985
_d690985